Necesidades nutritivas del ganado vacuno de carne /

Guardado en:
Autor Corporativo: Committee on Animal Nutrition (Washington)
Formato: Libro
Idioma:Spanish
Publicado: Buenos Aires : Hemisferio Sur, 1980.
Edición:2a ed.
Series:Necesidades nutritivas de los animales domésticos ; 8
Etiquetas: Agregar Etiqueta
Sin Etiquetas, Sea el primero en etiquetar este registro!
LEADER 00758nam a22001575a 4500
001 EEA.libagro003205
005 20190619122236.0
008 130809s1980####ag#a##########000#0#spa#d
082 0 4 |a 636.213 
245 1 0 |a Necesidades nutritivas del ganado vacuno de carne /  |c Subcomisión para ganado vacuno de carne, Comisión de Nutrición Animal, Junta de Agricultura y Recursos Renovables, Consejo Nacional de Investigaciones ; [traducción de la 5a ed. revisada por Inés Pardal]. 
250 |a 2a ed. 
260 |a Buenos Aires :  |b Hemisferio Sur,  |c 1980. 
300 |a 80 p. :  |b il. ;  |c 27 cm. 
490 1 |a Necesidades nutritivas de los animales domésticos ;  |v 8 
710 2 |a Committee on Animal Nutrition (Washington) 
859 |a AR-BbBCA  |b BIB. AGRONOMIA  |h 636.213  |i N277a2  |p 1982/0096